| 000 | 00366pab a2200157 454500 | ||
|---|---|---|---|
| 008 | 180718b2007 xxu||||| |||| 00| 0 eng d | ||
| 100 | _aViaj, NC | ||
| 245 | _aDisaster management at the national and state levels | ||
| 260 | _c2007 | ||
| 300 | _ap.319-28. | ||
| 362 | _aJul-Sep | ||
| 650 | _aDisasters | ||
| 773 | _aUSI Journal | ||
| 908 | _aN | ||
| 909 | _a76701 | ||
| 999 |
_c76701 _d76701 |
||